| 000 | 01567cam a22003734a 4500 | ||
|---|---|---|---|
| 001 | 15701181 | ||
| 003 | OSt | ||
| 005 | 20180116192417.0 | ||
| 008 | 090415s2009 maua b 001 0 eng | ||
| 010 | _a 2009016039 | ||
| 015 |
_aGBA793455 _2bnb |
||
| 016 | 7 |
_a014342187 _2Uk |
|
| 020 | _a9781592533459 | ||
| 020 | _a1592533450 | ||
| 035 | _a(OCoLC)ocn318716167 | ||
| 040 |
_aDLC _cDLC _dYDX _dUKM _dYDXCP _dDLC |
||
| 050 | 0 | 0 |
_aTS171 _b.L58 2009 |
| 082 | 0 | 0 |
_a745.2 _222 |
| 100 | 1 |
_aLidwell, William. _96860 |
|
| 245 | 1 | 0 |
_aDeconstructing product design : _bexploring the form, function, usability, sustainability, and commercial success of 100 amazing products / _cWilliam Lidwell and Gerry Manacsa |
| 260 |
_aBeverly, Mass. : _bRockport Publishers, _cc2009. |
||
| 300 |
_a240 p. : _bcol. ill. ; _c26 cm. |
||
| 504 | _aIncludes bibliographic references and index. | ||
| 650 | 0 |
_aIndustrial design. _96861 |
|
| 650 | 0 |
_aNew products. _96862 |
|
| 650 | 0 |
_aProduct design. _96863 |
|
| 700 | 1 |
_aManacsa, Gerry. _96864 |
|
| 856 | 4 | 2 |
_3Contributor biographical information _uhttp://www.loc.gov/catdir/enhancements/fy0910/2009016039-b.html |
| 856 | 4 | 2 |
_3Publisher description _uhttp://www.loc.gov/catdir/enhancements/fy0910/2009016039-d.html |
| 906 |
_a7 _bcbc _corignew _d1 _eecip _f20 _gy-gencatlg |
||
| 942 |
_2ddc _cBK |
||
| 999 |
_c353774 _d353774 |
||